| 000 | 02887cam a2200385 4500500 | ||
|---|---|---|---|
| 005 | 20260222003107.0 | ||
| 041 | _afre | ||
| 042 | _adc | ||
| 100 | 1 | 0 |
_aClaval, Paul _eauthor |
| 245 | 0 | 0 | _aLa géographie culturelle dans les pays anglophones |
| 260 | _c2008. | ||
| 500 | _a2 | ||
| 520 | _aLes perspectives anglo-saxonnes sur la géographie culturelle changent rapidement. Une révolte contre la géographie de Sauer se produit aux alentours de 1980. Elle s’inspire de la critique littéraire et des Cultural Studies britanniques comme de l’anthropologie américaine. Ces remises en cause donnent une dimension plus critique à l’approche culturelle en géographie. L’attention accordée aux femmes, aux jeunes, aux minorités s’accroît. Les échelles se modifient : la place du local et du domestique s’affirme. La dimension historique est réintroduite par le courant postcolonial, en même temps que le postmodernisme insiste sur les faiblesses et contradictions inhérentes à l’idée même de science. La géographie se rapproche des humanités, puisqu’elle traite comme elles d’une matière première faite de mots, de discours et d’images. On en vient à parler du tournant culturel de la discipline. | ||
| 520 | _aCultural geography in english-speaking countries Anglophone perspectives on cultural geography have evolved rapidly. A revolt against Sauer’s geography occurred around the 1980’s. It was fuelled by British literary criticism and “cultural studies” as well as by American anthropology. As a consequence, cultures are studied according to more critical perspectives. Growing attention is given to women, young people or minorities. The scales change : the significance of localities and domestic space is underscored. The historical dimension is reintroduced thanks to the postcolonial movement. Post-modernism insists on the weaknesses and contradictions inherent in the idea of science. Geography becomes closer to the humanities, since it covers, just as they do, a field made of words, narratives and images. Geography is experiencing a cultural turn. | ||
| 690 | _aCulture | ||
| 690 | _aépistémologie | ||
| 690 | _aétudes sur legenre | ||
| 690 | _agéographie critique | ||
| 690 | _agéographie radicale | ||
| 690 | _apostcolonialisme | ||
| 690 | _apostmodernisme | ||
| 690 | _astructuralisme | ||
| 690 | _astructurationnisme | ||
| 690 | _aCritical geography | ||
| 690 | _aculture | ||
| 690 | _aepistemology | ||
| 690 | _agender studies | ||
| 690 | _apostcolonialism | ||
| 690 | _apostmodernism | ||
| 690 | _aradical geography | ||
| 690 | _astructuralism | ||
| 690 | _astructurationism | ||
| 786 | 0 | _nAnnales de géographie | 660-661 | 2 | 2008-07-01 | p. 8-26 | 0003-4010 | |
| 856 | 4 | 1 | _uhttps://shs.cairn.info/revue-annales-de-geographie-2008-2-page-8?lang=fr&redirect-ssocas=7080 |
| 999 |
_c1666955 _d1666955 |
||